عرض عادي
عرض مارك
- Fuller, Graham E.,
دخول Personal Name
001 - CONTROL NUMBER
- control field: 22271
003 - CONTROL NUMBER IDENTIFIER
- control field: AE-AdECS
005 - DATE AND TIME OF LATEST TRANSACTION
- control field: 20251024100911.0
008 - FIXED-LENGTH DATA ELEMENTS
- fixed length control field: 251024|| aca||aabn | a|a d
040 ## - CATALOGING SOURCE
- Original cataloging agency: AE-AdECS
- Transcribing agency: AE-AdECS
100 ## - HEADING--PERSONAL NAME
- Personal name: Fuller, Graham E.,
- Dates associated with a name: 1937-
670 ## - SOURCE DATA FOUND
- Source citation: Work cat.: (AE-AdECS)292866: Fuller, Graham E., 1937- author., Understanding contemporary Islamic crises in the Middle East :
